| 000 | 00675nam a22002177a 4500 | ||
|---|---|---|---|
| 003 | OSt | ||
| 005 | 20250708010827.0 | ||
| 008 | 250708b |||||||| |||| 00| 0 eng d | ||
| 020 | _a9789712386657 | ||
| 040 |
_aDWCL - Main lib _cOC |
||
| 082 | _aFil. 959.9 C216 2018 | ||
| 100 | _aCandelaria, John Lee P. | ||
| 245 |
_aReadings in Philippine history/ _cJohn Lee P. Candelaria |
||
| 250 | _aFirst edition. | ||
| 260 |
_aManila : _bRex Book Store, _cc2018. |
||
| 300 |
_a x, 122 pages : _b illustrations ; _c 26cm. |
||
| 504 | _aIncludes index. | ||
| 650 | _a1.History-- Philippines. | ||
| 700 | _aVeronica C. Alporha | ||
| 942 |
_2ddc _cBK - FIL _e First edition. _kFil. _n0 |
||
| 999 |
_c3431 _d3431 |
||